Internet publishing handbook : (Record no. 3950)

MARC details
000 -LEADER
fixed length control field 01306cam a2200289 a 4500
001 - CONTROL NUMBER
control field 1144072
003 - CONTROL NUMBER IDENTIFIER
control field OSt
005 - DATE AND TIME OF LATEST TRANSACTION
control field 20160510145357.0
008 - FIXED-LENGTH DATA ELEMENTS--GENERAL INFORMATION
fixed length control field 950619s1995 maua bf 001 0 eng
010 ## - LIBRARY OF CONGRESS CONTROL NUMBER
LC control number 95030895
020 ## - INTERNATIONAL STANDARD BOOK NUMBER
International Standard Book Number 0201483173 (pbk.)
040 ## - CATALOGING SOURCE
Original cataloging agency DLC
Transcribing agency DLC
Modifying agency DLC
050 00 - LIBRARY OF CONGRESS CALL NUMBER
Classification number TK5105.875.I57
Item number F769 1995
082 00 - DEWEY DECIMAL CLASSIFICATION NUMBER
Classification number 025.04
Edition number 20
Item number FRA 1995
100 1# - MAIN ENTRY--PERSONAL NAME
Personal name Franks, Mike.
9 (RLIN) 8653
245 10 - TITLE STATEMENT
Title Internet publishing handbook :
Statement of responsibility, etc. for World-Wide Web, Gopher, and WAIS / Mike Franks.
260 ## - PUBLICATION, DISTRIBUTION, ETC. (IMPRINT)
Place of publication, distribution, etc. Reading, Mass. :
Name of publisher, distributor, etc. Addison-Wesley,
Date of publication, distribution, etc. 1995.
300 ## - PHYSICAL DESCRIPTION
Extent xviii, 380 p. :
Other physical details ill. ;
Dimensions 23 cm.
504 ## - BIBLIOGRAPHY, ETC. NOTE
Bibliography, etc Includes bibliographical references (p. 349-350) and index.
650 #0 - SUBJECT ADDED ENTRY--TOPICAL TERM
Topical term or geographic name as entry element Internet publishing.
9 (RLIN) 8654
650 #0 - SUBJECT ADDED ENTRY--TOPICAL TERM
Topical term or geographic name as entry element Gopher servers.
9 (RLIN) 8655
650 #0 - SUBJECT ADDED ENTRY--TOPICAL TERM
Topical term or geographic name as entry element World Wide Web.
9 (RLIN) 8656
650 #0 - SUBJECT ADDED ENTRY--TOPICAL TERM
Topical term or geographic name as entry element WAIS (Information retrieval system)
9 (RLIN) 8657
906 ## - LOCAL DATA ELEMENT F, LDF (RLIN)
a 7
b cbc
c orignew
d 1
e ocip
f 19
g y-gencatlg
942 ## - ADDED ENTRY ELEMENTS (KOHA)
Source of classification or shelving scheme Dewey Decimal Classification
Koha item type Short Loan
Holdings
Withdrawn status Lost status Source of classification or shelving scheme Damaged status Not for loan Home library Current library Date acquired Inventory number Total Checkouts Full call number Barcode Date last seen Price effective from Koha item type
    Dewey Decimal Classification     MUST Main Library MUST Main Library 10/05/2016 2001/15543   025.04 FRA 1995 2016-1711 10/05/2016 10/05/2016 Short Loan